Bohaterzy z LoL'a na literę "B" - Statystyki

Ogólne statystyki
  • Ten quiz został rozwiązany 286 razy
  • Średni wynik to 3 z 5
Statystyki odpowiedzi
# Bohater % Poprawnych
4 Brand
87%
5 Braum
82%
1 Bard
75%
2 Bel'Veth
50%
3 Blitzcrank
44%
Nie znaleziono quizów pasujących do podanych kryteriów
Rozkład punktacji
Procent ludzi z każdym wynikiem
Percentyl według liczby udzielonych odpowiedzi
Twoja historia wyników
Nie rozwiązałeś tego quizu